书目信息 |
| 题名: |
紫外光谱在有机化学在的应用(上册)
|
|
| 作者: | 黄量 , 于德泉 编著 | |
| 分册: | ||
| 出版信息: | 北京 科学出版社 2000.07 |
|
| 页数: | 306页 | |
| 开本: | 16开 | |
| 丛书名: | ||
| 单 册: | ||
| 中图分类: | O657.32 | |
| 科图分类: | ||
| 主题词: | 分析化学 , 分析(化学) | |
| 电子资源: | ||
| ISBN: | 7-03-000719-0 | |
| 000 | 00681nam0 2200217 45 | |
| 001 | 0012111726 | |
| 005 | 20001211172014.0 | |
| 010 | @a7-03-000719-0@d40.00元 | |
| 100 | @a20001211d2000 km y0chiy0120 ea | |
| 101 | 0 | @achi |
| 105 | @a z 000yy | |
| 200 | 1 | @a紫外光谱在有机化学在的应用(上册)@AZi Wai Guang Pu Zai You Ji Hua Xue Zai De Ying Yong(Shang Ce)@f黄量,于德泉编著@FHuang Liang,Yu De Quan Bian Zhu |
| 210 | @a北京@c科学出版社@d2000.07 | |
| 215 | @a306页@d16开 | |
| 606 | 0 | @a分析化学 |
| 606 | 0 | @a分析(化学) |
| 690 | @aO657.32@v3 | |
| 701 | 0 | @a黄量@4编著 |
| 701 | 0 | @a于德泉@4编著 |
| 801 | @aCN@bPftUser@c20001211 | |
| 905 | @b305888-889@dO657.32@eH.531:1@f2 | |
| 紫外光谱在有机化学在的应用(上册)/黄量,于德泉编著.-北京:科学出版社,2000.07 |
| 306页;16开 |
| ISBN 7-03-000719-0:40.00元 |
| ● |
| 相关链接 |
|
|
|
正题名:紫外光谱在有机化学在的应用(上册)
索取号:O657.32/H.531:1
 
预约/预借
| 序号 | 登录号 | 条形码 | 馆藏地/架位号 | 状态 | 备注 |
| 1 | 305888 | 203058886 | 自科库401/401自科库 96排2列5层/ [索取号:O657.32/H.531:1] | 在馆 | |
| 2 | 305889 | 203058895 | 自科库401/401自科库 96排2列5层/ [索取号:O657.32/H.531:1] | 在馆 |